000 01078nam0a22002891 4500
001 RU\INFOCOMM_318\NLR\5000071775
005 20250613103659.0
035 _a(NLR Aleph) 009477220
090 _a8564562
_c8564562
100 _a20121126d1986 |||y0rusy50 ca
101 1 _adut
_crus
102 _aRU
105 _ay z |||||
200 1 _aDe verkiezingen in de USSR
_fStanislav Ilyn
210 _aM.
_cUitgeverij Persagentschap "Novosti"
_d1986
215 _a94 с., [8] л. цв. ил., портр.
_cил., портр., цв. ил.
_d16 см
300 _aНа обороте тит. л.: Как в СССР проходят выборы / Станислав Борисович Ильин
606 0 _aИзбирательная система
_yСССР
_91290879
_3RU\NLR\AUTH\66533578
620 _aМосква
686 _aХ520.5
_2rubbk
700 1 _9z01790
_aIl'in
_bS. B.
_gStanislav Borisovič
790 1 _9z01700
_aIlyn
_bS.
_gStanislav
_4070
801 1 _aRU
_bNLR
_c20121126
801 0 _aRU
_bINFOCOMM
_gPSBO
852 _aNLR
_jП21 Д-1/97
942 _cBOOK
980 _aNB